000 00814nam a2200265Ia 4500
003 OSt
005 20221005094843.0
006 a|||||r|||| 00| 0
007 ta
008 221004b |||||||| |||| 00| 0 eng d
020 _a9780199234097 (hbk)
_c6384.35
024 _a99242
037 _b1505, 05/01/2010, Channel Publications
_cTextual
040 _aCRL
_cCRL
_beng
041 _2eng
_aeng
082 _aR, P7
100 _aLeiter Brian Ed.
_9619568
245 0 _aOxford handbook of continental philosophy
260 _aOxford
_bOxford University Press UK
_c2007
300 _axi,812p.
_ccm.
650 _aPHILOSOPHY
700 _a Rosen Michael Ed.
942 _hR, P7
_cTEXL
_2cc
999 _c1002621
_d1002621